000 00700nam a22001937a 4500
999 _c178574
_d178574
005 20210406172534.0
010 _aENG-129377
020 _a978-93-5388-462-8
_c650.00
035 _aEN-112909
037 _bDBAD/PUB
082 _a327.43
100 _aDas, J. P
245 _aReading Difficulties and Dyslexia: Essential Concepts and Programs for Improvement/
_cJ. P. Das
250 _aupdated
260 _aNew Delhi
_bSage Publication India
_c2020
270 _aB1/1-1 Mohan Cooperative Industrial Area Mathura Road
_bNew Delhi
_e110044
300 _axxvi+260p.
_c21cm(pbk)
_bIncluding illustrations, tables, and bibliographical references.
942 _2ddc
_cEN
_h333.70954
_mCRI